00381nam a2200145Ia 4500003000400000008004100004040001600045082001300061100002000074245004800094260003200142490002400174650001500198650002200213GCL140319s9999 xx 000 0 eng d aGCL / cGCL04a843bN S1 aNICOLAS, BREHAL10aSONATE AU CLAIR DE LUNE / cNICOLAS, BREHAL a[S.N] : bMERCURE DE FRANCE aCOLLECTION FOLIOv004aLITERATURE04aFRENCH LITERATURE